000 00728nam a2200205Ia 4500
999 _c40995
_d40995
001 7643
003 GE_BSU
005 20240108170311.0
008 181216s1975||||ge || geo
040 _cGE_BSU
041 _ageo
080 _a821.353.1-31 დ–79
100 _aდოჩანაშვილი, გურამ
_918694
245 _aსამოსელი პირველი :
_bნაწილი I (რომანი) /
_cგურამ დოჩანაშვილი.
264 _aთბილისი :
_bნაკადული,
_c1975.
300 _a330 გვ. :
_b ილ. ;
_c 20 სმ.
653 _aრომანი
653 _aსამოსელი პირველი
942 _cBK
_2udc